| 000 | 00788nam a2200265Ia 4500 | ||
|---|---|---|---|
| 003 | OSt | ||
| 005 | 20220925164611.0 | ||
| 006 | a|||||r|||| 00| 0 | ||
| 007 | ta | ||
| 008 | 220923b |||||||| |||| 00| 0 eng d | ||
| 020 | _a079144077X | ||
| 037 | _cGeneral Book | ||
| 040 |
_aRTL _cRTL _beng |
||
| 041 |
_2eng _aeng |
||
| 100 |
_aKeenan Dennis _9230742 |
||
| 245 | 0 |
_aDeath and responsibility _b The work of Levinas |
|
| 260 |
_aAlbany _bState University of New York Press _c1999 |
||
| 300 |
_axiii, 123p Bibliography: P 115-19 _ccm. |
||
| 490 | _aSuny Series in Contemporary Continental Philosophy | ||
| 650 |
_a Classics _9230743 |
||
| 650 |
_a Emmanuel Levinas _9230744 |
||
| 650 | _aPhilosophy | ||
| 942 |
_cGB _2CC |
||
| 999 |
_c475513 _d475513 |
||